000
00230nam a22000857a 4500
008
160920b xxu||||| |||| 00| 0 eng d
100
_9
668
_a
Tayal.B.B.etal
245
_a
See- Social Science-IX
260
_a
New Delhi
_b
AP Publications
_c
2010
999
_c
3325
_d
3325